|
|
|
|
| LEADER |
00000nab a2200000 a 4500 |
| 001 |
vtls000916352 |
| 003 |
SK-MaSNL |
| 005 |
20260302173517.0 |
| 008 |
040720e19920325xo 0 slo |
| 035 |
|
|
|a KE25233
|
| 040 |
|
|
|a KEVKJB
|b slo
|c KEVKJB
|e AACR2
|
| 041 |
0 |
|
|a slo
|
| 044 |
|
|
|a xo
|c SK
|
| 080 |
|
|
|a 628.474
|2 1981
|
| 100 |
1 |
|
|a Rudohorský, Vladimír
|4 aut
|9 881450
|
| 245 |
1 |
0 |
|a Milióny "mariek" v ohni
|b Bez úžitku spaľujeme druhotné suroviny
|
| 610 |
2 |
7 |
|a Spaľovňa tuhého odpadu, Košice
|2 KEVKJB
|9 881451
|
| 650 |
0 |
7 |
|a činnosť
|2 KEVKJB
|9 282874
|
| 650 |
0 |
7 |
|a problémy vzniklé
|2 KEVKJB
|9 880985
|
| 650 |
0 |
7 |
|a riešenie
|2 KEVKJB
|9 873862
|
| 650 |
0 |
7 |
|a reportáže
|2 KEVKJB
|9 75670
|
| 651 |
|
7 |
|a KE,
|2 KEVKJB
|9 877256
|
| 655 |
|
7 |
|a periodikum
|2 snkbucl
|9 29553
|
| 710 |
2 |
|
|a Spaľovňa tuhého odpadu, Košice
|4 aut
|9 881451
|
| 773 |
0 |
8 |
|t Práca
|g Roč. 47, č.72, 25.3.1992, s. 6
|
| 852 |
|
|
|a ZVYKNI
|b KIS3GCP
|
| 999 |
|
|
|c 1401713
|d 1403643
|